000 00625nam a22002057a 4500
999 _c3331
_d3331
003 AR-CdUCM
008 190306b ||||| |||| 00| 0 spa d
040 _aMUNICIPALIDAD PROVINCIAL DEL CUSCO
_cBIBLIOTECA MUNICIPAL DEL CUSCO
082 _a869.56 /
_bL13
100 _aLadrón de Guevara, Laura
_911056
245 _aSerenata mortal /
260 _aLima :
_c1992.
300 _a197 páginas ;
_c20 cm.
500 _a"Novela costumbrista cuzqueña"--Cubierta.
650 _aNovela Peruana
_910636
650 _aCostumbres y Tradiciones del Cusco
_911057
650 _aSiglo XX
_98
942 _2ddc
_cLIBROS
945 _araen